Most Streamed Songs On Spotify-Extreme - Statistics

General Stats
  • This quiz has been taken 26 times
  • The average score is 15 of 50
Answer Stats
Streams Song % Correct
4.223B Blinding Lights
91%
3.874B Shape Of You
70%
3.047B Dance Monkey
57%
3.203B As It Was
48%
2.505B God's Plan
48%
3.139B One Dance
48%
3.226B Starboy
48%
2.929B Perfect
43%
3.303B Sunflower
43%
2.937B Rockstar
39%
2.710B Señorita
39%
3.056B Stay
39%
2.659B Watermelon Sugar
39%
2.951B Heat Waves
35%
2.774B Lovely
35%
3.370B Someone You Loved
35%
2.349B Thunder
35%
2.238B 7 Rings
30%
2.962B Believer
30%
2.569B Don't Start Now
30%
2.186B Humble
30%
2.157B Lose Yourself
30%
2.497B Photograph
30%
2.830B Sweater Weather
30%
2.499B Take Me To Church
30%
2.273B The Hills
30%
2.494B Bad Guy
26%
2.445B Circles
26%
2.841B Closer
26%
2.392B Love Yourself
26%
2.348B All Of Me
22%
2.376B Another Love
22%
2.226B Demons
22%
2.200B Sad!
22%
2.417B Shallow
22%
2.481B Thinking Out Loud
22%
2.247B Yellow
22%
2.415B Counting Stars
17%
2.211B Die For You
17%
2.349B Goosebumps
17%
2.162B Jocelyn Flores
17%
2.521B Lucid Dreams
17%
2.193B No Role Modelz
17%
2.776B Say You Won't Let Go
17%
2.545B Something Just Like This
17%
2.346B Can't Hold Us
13%
2.481B Riptide
13%
2.285B Wake Me Up
13%
2.221B Let Her Go
9%
2.282B Stressed Up
4%
No matching quizzes found
Score Distribution
Percent of People with Each Score
Percentile by Number Answered
Your Score History
You have not taken this quiz